عرض عادي عرض مارك
  • McInerney, Andrew,

مدخل إسم شخص

عدد التسجيلات المستخدمة في: 1

001 - رقم الضبط

  • حقل الضبط: 46095

003 - معرف رقم الضبط

  • حقل الضبط: OSt

005 - تاريخ ووقت أخر عملية

  • حقل الضبط: 20140708212211.0

008 - عناصر بيانات ثابتة الطول

  • حقل تحكم ثابت الطول: 140708|||a|||||| | ||| d

040 ## - مصدر الفهرسة

  • هيئة الفهرسة الأصلية: OSt
  • وكالة الكتابة: OSt

100 ## - مدخل -- أسم شخص

  • إسم شخص: McInerney, Andrew,
  • تواريخ مرتبطة بالاسم: 1966-
  • مصطلح الرابط: author.

670 ## - بيانات المصدر موجوده

  • الاستشهاد بالمصدر: Work cat.: (OSt)0: McInerney, Andrew, 1966- author., First steps in differential geometry :